| Tag |
First Indicator |
Second Indicator |
Subfields |
| LEADER |
00000cam a2200000 a 4500 |
| 001 |
in00001739708 |
| 005 |
20151025070549.0 |
| 008 |
030317r20021955enkab 001 0 eng |
| 010 |
|
|
|a 2002513041
|
| 015 |
|
|
|a GBA1-U9553
|
| 020 |
|
|
|a 0304361836
|
| 035 |
|
|
|a (OCoLC)ocm51316927
|
| 035 |
|
|
|a (OCoLC)ocm51316927
|
| 040 |
|
|
|a UKM
|c UKM
|d DLC
|d TXA
|d UtOrBLW
|
| 042 |
|
|
|a lccopycat
|
| 043 |
|
|
|a e-uk---
|a mm-----
|
| 049 |
|
|
|a TXAM
|
| 050 |
0 |
0 |
|a D772.M23
|b R4 2002
|
| 082 |
0 |
4 |
|a 940.545941
|2 21
|
| 100 |
1 |
|
|a Reynolds, L. C.
|q (Leonard C.)
|
| 240 |
1 |
0 |
|a Gunboat 658
|
| 245 |
1 |
0 |
|a Motor Gunboat 658 :
|b the small boat war in the Mediterranean /
|c L.C. Reynolds.
|
| 250 |
|
|
|a New ed.
|
| 264 |
|
1 |
|a London :
|b Cassell Military,
|c 2002.
|
| 300 |
|
|
|a 256 pages, 6 unnumbered leaves of plates :
|b illustrations, maps ;
|c 20 cm.
|
| 336 |
|
|
|a text
|b txt
|2 rdacontent
|
| 337 |
|
|
|a unmediated
|b n
|2 rdamedia
|
| 338 |
|
|
|a volume
|b nc
|2 rdacarrier
|
| 490 |
1 |
|
|a Cassell military paperbacks
|
| 500 |
|
|
|a Originally published: as Gunboat 658. London: Kimber, 1955.
|
| 500 |
|
|
|a Includes index.
|
| 500 |
|
|
|a Originally published: as Gunboat 658. London : Kimber, 1955. Reprinted with postscript.
|
| 600 |
1 |
0 |
|a Reynolds, L. C.
|q (Leonard C.)
|
| 610 |
2 |
0 |
|a Motor Gunboat 658.
|
| 650 |
|
0 |
|a World War, 1939-1945
|x Naval operations, British.
|
| 650 |
|
0 |
|a World War, 1939-1945
|v Personal narratives, British.
|
| 650 |
|
0 |
|a World War, 1939-1945
|z Meiterranea Sea.
|
| 610 |
1 |
0 |
|a Great Britain.
|b Royal Navy
|v Biography.
|
| 650 |
|
0 |
|a Sailors
|z Great Britain
|v Biography.
|
| 830 |
|
0 |
|a Cassell military paperbacks.
|
| 948 |
|
|
|a cataloged
|b h
|c 2003/6/26
|d c
|e rdavis
|f 7:22:52 am
|
| 994 |
|
|
|a E0
|b TXA
|
| 999 |
|
|
|a MARS
|
| 999 |
f |
f |
|s e79000ea-c784-3d91-860a-98604caa5486
|i 96121fa9-21f1-31e2-9462-9b82990400bb
|t 0
|
| 952 |
f |
f |
|p ric
|a Texas A&M University
|b Rellis Campus
|c Joint Library Facility
|d Remote Storage
|t 0
|e D772.M23 R4 2002
|h Library of Congress classification
|i unmediated -- volume
|m A14830383029
|
| 998 |
f |
f |
|a D772.M23 R4 2002
|t 0
|l Remote Storage
|